[Event "CRO-chT (Women) 31st"]
[Site "Veli Losinj"]
[Date "2023.10.18"]
[Round "9.3"]
[White "Dasic, Jelena"]
[Black "Svaljek, Radmila"]
[Result "1/2-1/2"]
[WhiteElo "1765"]
[BlackElo "1928"]
[PlyCount "28"]
[EventDate "2023.10.11"]
[EventType "team-tourn"]
[EventRounds "9"]
[EventCountry "CRO"]
[SourceTitle "Mega2024 Update 01"]
[Source "Chessbase"]
[SourceDate "2023.11.12"]
[SourceVersion "1"]
[SourceVersionDate "2023.11.12"]
[SourceQuality "1"]
[WhiteTeam "Kastav (W)"]
[BlackTeam "Novo Virje Konaki (W)"]
[WhiteTeamCountry "CRO"]
[BlackTeamCountry "CRO"]

1. d4 d5 2. Nc3 Nf6 3. Bf4 Bf5 4. e3 e6 5. Nf3 h6 6. Be2 a6 7. Ne5 Be7 8. a3 c5 9. g4 Bh7 10. Bd3 cxd4 11. exd4 Nc6 12. Bxh7 Nxh7 13. Na4 Nxe5 14. Bxe5 Bf6 1/2-1/2

[Event "CRO-chT (Women) 31st"]
[Site "Veli Losinj"]
[Date "2023.10.12"]
[Round "3.3"]
[White "Batory, Lucija"]
[Black "Dasic, Jelena"]
[Result "0-1"]
[WhiteElo "1712"]
[BlackElo "1765"]
[PlyCount "92"]
[EventDate "2023.10.11"]
[EventType "team-tourn"]
[EventRounds "9"]
[EventCountry "CRO"]
[SourceTitle "Mega2024 Update 01"]
[Source "Chessbase"]
[SourceDate "2023.11.12"]
[SourceVersion "1"]
[SourceVersionDate "2023.11.12"]
[SourceQuality "1"]
[WhiteTeam "Strizivojna Amater (W)"]
[BlackTeam "Kastav (W)"]
[WhiteTeamCountry "CRO"]
[BlackTeamCountry "CRO"]

1. e4 c5 2. c3 e6 3. d4 d5 4. exd5 exd5 5. Nf3 Bg4 6. Be2 Nf6 7. h3 Bh5 8. 0-0 Nbd7 9. Ne5 Bg6 10. Re1 Be7 11. Nxg6 hxg6 12. Bf3 0-0 13. Bg5 Re8 14. dxc5 Bxc5 15. Nd2 Qb6 16. Bh4 Qxb2 17. Nb3 Qxc3 18. Rxe8+ Rxe8 19. Rc1 Qb4 20. Bxf6 gxf6 21. Bxd5 Re7 22. Bf3 Kg7 23. Bg4 f5 24. Bf3 b6 25. Bd5 Qf4 26. Qc2 Qe5 27. Bc6 Bd6 28. g3 f4 29. g4 f3 30. Bxf3 Qh2+ 31. Kf1 Qxh3+ 32. Bg2 Qxg4 33. f3 Qb4 34. Rd1 Bg3 35. Nd2 Nc5 36. Ne4 Nxe4 37. fxe4 f5 38. Rb1 Qd6 39. Rb3 fxe4 40. Bxe4 Qf4+ 41. Bf3 Re3 42. Rxe3 Qxe3 43. Kg2 Be5 44. Qd1 Qd4 45. Qe1 Qb2+ 46. Kh3 Qh2+ 0-1

[Event "CRO-chT (Women) 30th"]
[Site "Porec"]
[Date "2022.09.27"]
[Round "5.4"]
[White "Bogdanic, Katarina"]
[Black "Dasic, Jelena"]
[Result "0-1"]
[WhiteElo "1995"]
[BlackElo "1752"]
[PlyCount "70"]
[EventDate "2022.09.24"]
[EventType "team-tourn"]
[EventRounds "9"]
[EventCountry "CRO"]
[SourceTitle "CBM 210 Extra"]
[Source "ChessBase"]
[SourceDate "2022.11.30"]
[SourceVersion "1"]
[SourceVersionDate "2022.11.30"]
[SourceQuality "1"]
[WhiteTeam "Rijeka Draga (W)"]
[BlackTeam "Kastav (W)"]
[WhiteTeamCountry "CRO"]
[BlackTeamCountry "CRO"]

1. c4 e5 2. g3 g6 3. Bg2 Bg7 4. Nc3 Ne7 5. Nf3 0-0 6. 0-0 f5 7. d3 Nbc6 8. Rb1 a5 9. a3 d6 10. Qc2 f4 11. b4 axb4 12. axb4 Nf5 13. b5 Ncd4 14. Qd1 g5 15. Ne1 Rf6 16. c5 dxc5 17. Ne4 Rb6 18. Nxc5 Nxb5 19. Na4 Rxa4 20. Qxa4 Nc3 21. Qc4+ Be6 22. Qxc3 Rxb1 23. Qc2 Rb3 24. Bh3 Rb6 25. Nf3 Kh8 26. Bg2 g4 27. Nd2 Nd4 28. Qd1 Bd5 29. Ne4 Rb1 30. Nc3 Bxg2 31. Nxb1 Bxf1 32. Qxf1 f3 33. Nc3 fxe2 34. Nxe2 Nf3+ 35. Kg2 Qxd3 0-1

[Event "CRO-chT3 West"]
[Site "Croatia"]
[Date "2020.09.13"]
[Round "2.5"]
[White "Glad, Ranko"]
[Black "Dasic, Jelena"]
[Result "1-0"]
[WhiteElo "1765"]
[BlackElo "1784"]
[PlyCount "55"]
[EventDate "2020.09.12"]
[EventType "team-tourn"]
[EventRounds "9"]
[EventCountry "CRO"]
[SourceTitle "EXT 2022"]
[Source "ChessBase"]
[SourceDate "2021.10.06"]
[SourceVersion "1"]
[SourceVersionDate "2021.10.06"]
[SourceQuality "1"]
[WhiteTeam "Kraljevica"]
[BlackTeam "Kastav"]
[WhiteTeamCountry "CRO"]
[BlackTeamCountry "CRO"]

1. c4 e5 2. g3 f5 3. d3 Nc6 4. Bg2 g6 5. b3 Bg7 6. Bb2 Nge7 7. e3 d6 8. Ne2 Be6 9. Nbc3 0-0 10. 0-0 g5 11. f4 exf4 12. d4 fxg3 13. d5 gxh2+ 14. Kh1 Ne5 15. dxe6 Ng4 16. Qd2 Qc8 17. Nd5 Nc6 18. e7 Rf7 19. Bxg7 Kxg7 20. Ng3 Nce5 21. e4 f4 22. Nf5+ Kh8 23. Bh3 c6 24. Nxd6 Qg8 25. Nxf7+ Qxf7 26. Nc7 Qxe7 27. Nxa8 Ne3 28. Bf5 1-0

[Event "CRO-ch U19"]
[Site "Vinkovci"]
[Date "2020.08.04"]
[Round "9"]
[White "Vujic, Agata"]
[Black "Dasic, Jelena"]
[Result "1/2-1/2"]
[WhiteElo "1621"]
[BlackElo "1814"]
[PlyCount "24"]
[EventDate "2020.07.28"]
[EventType "swiss"]
[EventRounds "9"]
[EventCountry "CRO"]
[SourceTitle "EXT 2021"]
[Source "ChessBase"]
[SourceDate "2020.10.23"]
[SourceVersion "1"]
[SourceVersionDate "2020.10.23"]
[SourceQuality "1"]

1. e4 c5 2. Nf3 e6 3. d4 cxd4 4. Nxd4 a6 5. c4 Nf6 6. f3 Qc7 7. Bg5 Qa5+ 8. Qd2 Qxd2+ 9. Nxd2 Be7 10. Be2 Nc6 11. Nxc6 bxc6 12. 0-0 Rb8 1/2-1/2

[Event "CRO-ch U19"]
[Site "Vinkovci"]
[Date "2020.07.29"]
[Round "3"]
[White "Dasic, Jelena"]
[Black "Muha, Magdalena"]
[Result "1/2-1/2"]
[WhiteElo "1814"]
[BlackElo "1720"]
[PlyCount "75"]
[EventDate "2020.07.28"]
[EventType "swiss"]
[EventRounds "9"]
[EventCountry "CRO"]
[SourceTitle "EXT 2021"]
[Source "ChessBase"]
[SourceDate "2020.10.23"]
[SourceVersion "1"]
[SourceVersionDate "2020.10.23"]
[SourceQuality "1"]

1. d4 d5 2. Bf4 Nf6 3. c3 c5 4. e3 Nc6 5. h3 Qb6 6. Qc2 Bf5 7. dxc5 Bxc2 8. cxb6 e5 9. Bh2 axb6 10. a3 d4 11. exd4 exd4 12. Ne2 d3 13. Nd4 Nxd4 14. cxd4 Bb4+ 15. Nd2 0-0 16. Rc1 Rfe8+ 17. Be5 Bxd2+ 18. Kxd2 Ne4+ 19. Ke3 d2 20. Bb5 dxc1Q+ 21. Rxc1 Rec8 22. Bd7 Rd8 23. Rxc2 Rxd7 24. Kxe4 f6 25. Bf4 Kf7 26. g3 Re8+ 27. Kd3 Re1 28. Be3 Ke6 29. Ke4 f5+ 30. Kf4 Kf6 31. Kf3 g5 32. h4 gxh4 33. gxh4 Rh1 34. Bg5+ Kg6 35. Re2 Rxd4 36. Re6+ Kg7 37. Re7+ Kg6 38. Re6+ 1/2-1/2

[Event "SLO-chT2 West"]
[Site "Komenda"]
[Date "2019.11.30"]
[Round "6.3"]
[White "Dasic, Jelena"]
[Black "Globevnik, Iztok"]
[Result "1-0"]
[WhiteElo "1798"]
[BlackElo "1809"]
[PlyCount "87"]
[EventDate "2019.11.15"]
[EventType "team-tourn"]
[EventRounds "9"]
[EventCountry "SLO"]
[SourceTitle "EXT 2024"]
[Source "ChessBase"]
[SourceDate "2023.10.10"]
[SourceVersion "1"]
[SourceVersionDate "2023.10.10"]
[SourceQuality "1"]
[WhiteTeam "Ilirska Bistrica Rimex"]
[BlackTeam "Prevodi Dvojka"]
[WhiteTeamCountry "SLO"]
[BlackTeamCountry "SLO"]

1. d4 Nf6 2. Bf4 d6 3. e3 g6 4. Nf3 Bg7 5. c3 Nh5 6. Bg3 Nxg3 7. hxg3 Nd7 8. Nbd2 d5 9. e4 dxe4 10. Nxe4 Nf6 11. Neg5 Qd5 12. Ne5 0-0 13. Qf3 Qxf3 14. gxf3 h6 15. Nh3 Nd7 16. f4 Nxe5 17. fxe5 f6 18. Nf4 Kh7 19. Bd3 Bf5 20. Bxf5 gxf5 21. e6 Rfd8 22. 0-0-0 c6 23. Rh5 Rd6 24. Rxf5 Rad8 25. g4 b6 26. d5 c5 27. Rh1 Rg8 28. Nh5 Bf8 29. f3 Rg5 30. Rxg5 fxg5 31. Rd1 Kg6 32. Ng3 Rd8 33. Nf5 Kf6 34. c4 Ke5 35. d6 Kf6 36. Re1 Re8 37. d7 Rd8 38. Kd2 h5 39. Ng3 h4 40. Nh5+ Kg6 41. Kd3 Bg7 42. Nxg7 Kxg7 43. Ke4 Kf6 44. Kd5 1-0

[Event "Rijeka Paris Memorial 40th"]
[Site "Rijeka"]
[Date "2019.10.25"]
[Round "9"]
[White "Spiranec, Noemi"]
[Black "Dasic, Jelena"]
[Result "0-1"]
[WhiteElo "2137"]
[BlackElo "1768"]
[PlyCount "70"]
[EventDate "2019.10.18"]
[EventType "swiss"]
[EventRounds "9"]
[EventCountry "CRO"]
[SourceTitle "CBM 192 Extra"]
[Source "Chessbase"]
[SourceDate "2019.11.06"]
[SourceVersion "1"]
[SourceVersionDate "2019.11.06"]
[SourceQuality "1"]

1. Nf3 Nf6 2. d4 d5 3. c4 c6 4. Qc2 g6 5. Bf4 Bf5 6. Qb3 Qb6 7. c5 Qxb3 8. axb3 Na6 9. Nc3 Nd7 10. e3 Nb4 11. Kd2 f6 12. Bc7 Rc8 13. Ba5 Na6 14. Nh4 Nab8 15. Nxf5 gxf5 16. Bd3 e6 17. Na4 Bh6 18. g3 Nf8 19. b4 Ng6 20. h4 Ne7 21. f4 Kf7 22. b5 e5 23. fxe5 fxe5 24. Bc3 e4 25. Be2 Rhg8 26. Rhg1 Ng6 27. Raf1 Ke6 28. h5 Ne7 29. g4 cxb5 30. Bxb5 Rxg4 31. Rxg4 fxg4 32. Rg1 Rg8 33. Be2 g3 34. Bf1 Nf5 35. Bh3 Bxe3+ 0-1

[Event "Rijeka Paris Memorial 40th"]
[Site "Rijeka"]
[Date "2019.10.24"]
[Round "8"]
[White "Dasic, Jelena"]
[Black "Troselj, Ivan"]
[Result "0-1"]
[WhiteElo "1768"]
[BlackElo "1878"]
[PlyCount "104"]
[EventDate "2019.10.18"]
[EventType "swiss"]
[EventRounds "9"]
[EventCountry "CRO"]
[SourceTitle "CBM 192 Extra"]
[Source "Chessbase"]
[SourceDate "2019.11.06"]
[SourceVersion "1"]
[SourceVersionDate "2019.11.06"]
[SourceQuality "1"]

1. e4 c6 2. d4 d5 3. e5 c5 4. Nf3 Bg4 5. Be2 Nc6 6. Be3 e6 7. c4 dxc4 8. Qa4 Qa5+ 9. Qxa5 Nxa5 10. dxc5 Ne7 11. Nbd2 Nf5 12. Bd4 Bxf3 13. Nxf3 Nxd4 14. Nxd4 Bxc5 15. Nb5 0-0 16. 0-0 Rfd8 17. Rfd1 a6 18. Nd6 b5 19. Bf3 Rab8 20. Rac1 Bxd6 21. exd6 g6 22. d7 Nb7 23. b3 Nc5 24. bxc4 b4 25. Rd6 a5 26. Rcd1 Kf8 27. Bc6 Ke7 28. Bb5 Ne4 29. R6d3 Nc3 30. Rxc3 bxc3 31. Kf1 c2 32. Rc1 Rxd7 33. Rxc2 Rc7 34. a4 Rc5 35. h3 Rd8 36. g3 e5 37. Re2 f5 38. Kg2 Kf6 39. Rb2 Rd6 40. Re2 g5 41. f3 Rd4 42. Rb2 e4 43. f4 gxf4 44. gxf4 Rd3 45. Ba6 Rc6 46. Bb7 Rcd6 47. Bd5 Ra3 48. Rb7 Kg6 49. Rb8 Kh6 50. Rf8 Rb6 51. Rg8 Rb2+ 52. Kh1 Rxh3+ 0-1

[Event "CRO-chT (Women) 28th"]
[Site "Mali Losinj"]
[Date "2019.10.05"]
[Round "9.32"]
[White "Svaljek, Radmila"]
[Black "Dasic, Jelena"]
[Result "1/2-1/2"]
[WhiteElo "1950"]
[BlackElo "1768"]
[PlyCount "37"]
[EventDate "2019.09.28"]
[EventType "team-tourn"]
[EventRounds "9"]
[EventCountry "CRO"]
[SourceTitle "EXT 2020"]
[Source "ChessBase"]
[SourceDate "2019.10.17"]
[SourceVersion "1"]
[SourceVersionDate "2019.10.17"]
[SourceQuality "1"]
[WhiteTeam "Novo Virje Konaki (W)"]
[BlackTeam "Kastav (W)"]
[WhiteTeamCountry "CRO"]
[BlackTeamCountry "CRO"]

1. d4 Nf6 2. Nf3 e6 3. Bg5 b6 4. e3 Bb7 5. Nbd2 Be7 6. Bd3 d6 7. h3 Nbd7 8. c3 0-0 9. 0-0 Rc8 10. Qe2 c5 11. e4 e5 12. dxe5 Nxe5 13. Nxe5 dxe5 14. Rfd1 Qc7 15. Bb5 Rfd8 16. Bxf6 Bxf6 17. Nf3 Rxd1+ 18. Rxd1 Rd8 19. Rxd8+ 1/2-1/2

[Event "CRO-chT (Women) 28th"]
[Site "Mali Losinj"]
[Date "2019.09.30"]
[Round "4.12"]
[White "Dasic, Jelena"]
[Black "Djukic, Sandra"]
[Result "1/2-1/2"]
[WhiteElo "1768"]
[BlackElo "2179"]
[PlyCount "117"]
[EventDate "2019.09.28"]
[EventType "team-tourn"]
[EventRounds "9"]
[EventCountry "CRO"]
[SourceTitle "EXT 2020"]
[Source "ChessBase"]
[SourceDate "2019.10.17"]
[SourceVersion "1"]
[SourceVersionDate "2019.10.17"]
[SourceQuality "1"]
[WhiteTeam "Kastav (W)"]
[BlackTeam "Rijeka Draga (W)"]
[WhiteTeamCountry "CRO"]
[BlackTeamCountry "CRO"]

1. e4 c5 2. Nf3 Nc6 3. d3 d6 4. g3 g6 5. Bg2 Bg7 6. 0-0 Nf6 7. h3 0-0 8. Nc3 Rb8 9. Ne2 b6 10. c3 Bb7 11. Be3 Qd7 12. Nf4 Ne5 13. g4 Nxf3+ 14. Qxf3 e5 15. Nd5 Nxd5 16. exd5 f5 17. gxf5 gxf5 18. Qh5 Ba6 19. Rfd1 Rbe8 20. Kh1 Rf6 21. Bg5 Rg6 22. c4 Qf7 23. Rg1 b5 24. Rac1 bxc4 25. dxc4 e4 26. b3 f4 27. Qh4 f3 28. Bf1 Bc8 29. Re1 Bf5 30. Bf4 Rxg1+ 31. Kxg1 Qg6+ 32. Qg3 Bf8 33. Kh2 Kf7 34. Qxg6+ hxg6 35. Be3 Be7 36. a3 g5 37. b4 Rh8 38. Kg3 Bf6 39. Kh2 Be5+ 40. Kg1 cxb4 41. axb4 g4 42. hxg4 Bxg4 43. Bxa7 Bh2+ 44. Kh1 Be5+ 45. Kg1 Bh2+ 46. Kh1 Bf4+ 47. Kg1 Bd2 48. Rxe4 Bf5 49. Rd4 Rg8+ 50. Kh1 Rh8+ 51. Kg1 Rg8+ 52. Kh1 Bxb4 53. Rf4 Kg6 54. Rxf3 Be4 55. Bd3 Re8 56. Bxe4+ Rxe4 57. Re3 Rxc4 58. Re6+ Kf5 59. Be3 1/2-1/2

[Event "Mediterranean op 10th"]
[Site "Rijeka"]
[Date "2018.11.24"]
[Round "1"]
[White "Hocevar, Nick"]
[Black "Dasic, Jelena"]
[Result "0-1"]
[WhiteElo "1116"]
[BlackElo "1785"]
[PlyCount "60"]
[EventDate "2018.11.24"]
[EventType "swiss"]
[EventRounds "9"]
[EventCountry "CRO"]
[SourceTitle "CBM 187 Extra"]
[Source "ChessBase"]
[SourceDate "2018.11.04"]
[SourceVersion "1"]
[SourceVersionDate "2018.11.04"]
[SourceQuality "1"]

1. e4 e6 2. Nf3 d5 3. exd5 exd5 4. Be2 Nf6 5. 0-0 Bd6 6. Re1 0-0 7. Nc3 c5 8. d4 Nc6 9. dxc5 Bxc5 10. Bg5 Bxf2+ 11. Kxf2 Qb6+ 12. Be3 Ng4+ 13. Kg3 Qxe3 14. Nxd5 Qf2+ 15. Kf4 f6 16. Bc4 g5+ 17. Ke4 Re8+ 18. Kd3 Nge5+ 19. Nxe5 Qd4+ 20. Ke2 Rxe5+ 21. Ne3+ Qxc4+ 22. Kf2 Qf4+ 23. Qf3 Qxf3+ 24. gxf3 Be6 25. Ng4 Bxg4 26. fxg4 Rae8 27. Rxe5 Nxe5 28. Kg3 Rc8 29. c3 Nd3 30. Rb1 Re8 0-1

[Event "Rijeka Four Seasons"]
[Site "Rijeka"]
[Date "2018.10.21"]
[Round "2"]
[White "Dasic, Jelena"]
[Black "Viduka, Marko"]
[Result "1-0"]
[WhiteElo "1721"]
[BlackElo "1552"]
[PlyCount "67"]
[EventDate "2018.10.20"]
[EventType "tourn"]
[EventRounds "9"]
[EventCountry "CRO"]
[SourceTitle "CBM 187 Extra"]
[Source "ChessBase"]
[SourceDate "2018.11.04"]
[SourceVersion "1"]
[SourceVersionDate "2018.11.04"]
[SourceQuality "1"]

1. d4 Nf6 2. Bf4 e6 3. Nf3 b6 4. c3 Bb7 5. Nbd2 Be7 6. Qc2 0-0 7. e4 d6 8. Bd3 h6 9. e5 dxe5 10. Bxe5 Nbd7 11. 0-0-0 c5 12. dxc5 Nxc5 13. Nc4 Nxd3+ 14. Rxd3 Qc8 15. Nd6 Bxd6 16. Rxd6 Ne4 17. Rd4 Qc6 18. Re1 f5 19. Nd2 Nxf2 20. Rd6 Qe8 21. Qb3 Bd5 22. c4 Rc8 23. Qg3 Ng4 24. Bxg7 Kxg7 25. Rxd5 Kh7 26. Rd6 Rc6 27. h3 Rxd6 28. Qxd6 Nf6 29. Rxe6 Qa8 30. Rxf6 Rxf6 31. Qxf6 Qxg2 32. Qxf5+ Kh8 33. Qe5+ Kg8 34. Qd5+ 1-0

[Event "CRO-chT U20 26th"]
[Site "Sv Filip i Jakov"]
[Date "2018.04.07"]
[Round "9.21"]
[White "Plenca, Jadranko"]
[Black "Dasic, Jelena"]
[Result "1-0"]
[WhiteElo "2497"]
[BlackElo "1823"]
[PlyCount "59"]
[EventDate "2018.04.03"]
[EventType "team-swiss"]
[EventRounds "11"]
[EventCountry "CRO"]
[SourceTitle "CBM 184 Extra"]
[Source "ChessBase"]
[SourceDate "2018.06.28"]
[SourceVersion "1"]
[SourceVersionDate "2018.06.28"]
[SourceQuality "1"]

1. e4 c5 2. Nf3 e6 3. c3 d5 4. exd5 exd5 5. d4 Nf6 6. Bb5+ Bd7 7. Bxd7+ Nbxd7 8. 0-0 Be7 9. dxc5 Nxc5 10. Nbd2 0-0 11. Nb3 Re8 12. Nxc5 Bxc5 13. Bg5 Re6 14. Qd3 Rc8 15. Rad1 Qb6 16. Bxf6 Rxf6 17. Ng5 Bxf2+ 18. Kh1 Rh6 19. Qf5 Qc7 20. h3 Bh4 21. Nf3 g6 22. Qxd5 Rh5 23. Qd4 Be7 24. Qxa7 Bc5 25. Qa4 Qg3 26. Qc4 Re8 27. Ng5 Rf8 28. Rxf7 Kh8 29. Rxf8+ Bxf8 30. Qf7 1-0

[Event "CRO-chT U20 26th"]
[Site "Sv Filip i Jakov"]
[Date "2018.04.07"]
[Round "10.1"]
[White "Zadravec, Matija"]
[Black "Dasic, Jelena"]
[Result "1-0"]
[WhiteElo "2206"]
[BlackElo "1823"]
[PlyCount "77"]
[EventDate "2018.04.03"]
[EventType "team-swiss"]
[EventRounds "11"]
[EventCountry "CRO"]
[SourceTitle "CBM 184 Extra"]
[Source "ChessBase"]
[SourceDate "2018.06.28"]
[SourceVersion "1"]
[SourceVersionDate "2018.06.28"]
[SourceQuality "1"]

1. e4 c5 2. Nf3 e6 3. c3 d5 4. exd5 exd5 5. Bb5+ Bd7 6. Bxd7+ Nxd7 7. d4 Ngf6 8. 0-0 Be7 9. dxc5 Nxc5 10. Nbd2 0-0 11. Nb3 Re8 12. Be3 b6 13. h3 Qc7 14. Nbd4 Nce4 15. Qc2 Rab8 16. Nb5 Qd7 17. a4 a6 18. Nbd4 Bd6 19. Qe2 b5 20. a5 Bc7 21. Rfd1 Nd6 22. Nd2 Nc4 23. Nxc4 bxc4 24. Ra2 Ne4 25. Qf3 Nc5 26. Nf5 Re5 27. Nxg7 Nd3 28. Nh5 Qf5 29. Qg3+ Qg6 30. Nf6+ Kh8 31. Qxg6 hxg6 32. Bd4 Rb5 33. Ng4 Kg8 34. Nxe5 Bxe5 35. Rxd3 cxd3 36. Bxe5 d2 37. Ra1 Rxb2 38. Rd1 Rc2 39. Kf1 1-0